Psalm 2 - Statistics

General Stats
  • This quiz has been taken 14 times
  • The average score is 70 of 193
Answer Stats
Hint Answer % Correct
the
100%
the
100%
2:2 The
100%
the
100%
the
100%
the
100%
and
75%
and
75%
and
75%
in
75%
Lord
75%
the
75%
the
75%
the
75%
the
75%
the
75%
the
75%
the
75%
the
75%
a
50%
a
50%
against
50%
against
50%
and
50%
and
50%
and
50%
and
50%
and
50%
and
50%
and
50%
Anointed,
50%
do
50%
earth
50%
his
50%
I
50%
2:7 I
50%
I
50%
in
50%
in
50%
in
50%
in
50%
in
50%
in
50%
in
50%
kings
50%
Lord
50%
Lord
50%
Lord
50%
nations
50%
of
50%
peoples
50%
plot
50%
rage
50%
rulers
50%
the
50%
The
50%
the
50%
together,
50%
vain?
50%
2:1 Why
50%
all
25%
angry,
25%
apart
25%
are
25%
are
25%
2:6 “As
25%
2:8 Ask
25%
away
25%
be
25%
be
25%
be
25%
begotten
25%
Blessed
25%
bonds
25%
break
25%
burst
25%
cast
25%
cords
25%
counsel
25%
dash
25%
decree:
25%
derision.
25%
earth
25%
earth.
25%
ends
25%
fear,
25%
for
25%
for
25%
from
25%
fury,
25%
have
25%
have
25%
2:4 He
25%
he
25%
he
25%
heavens
25%
heritage,
25%
hill.”
25%
him.
25%
his
25%
his
25%
his
25%
holds
25%
holy
25%
I
25%
iron
25%
is
25%
kindled.
25%
King
25%
kings,
25%
2:12 Kiss
25%
laughs;
25%
lest
25%
2:3 “Let
25%
like
25%
make
25%
me,
25%
me,
25%
me,
25%
my
25%
my
25%
my
25%
nations
25%
2:10 Now
25%
O
25%
O
25%
of
25%
of
25%
of
25%
of
25%
of
25%
on
25%
perish
25%
pieces
25%
possession.
25%
potter’s
25%
quickly
25%
refuge
25%
rejoice
25%
rod
25%
rulers
25%
said
25%
saying,
25%
saying,
25%
2:11 Serve
25%
set
25%
set
25%
shall
25%
sits
25%
Son;
25%
Son,
25%
speak
25%
take
25%
take
25%
tell
25%
terrify
25%
their
25%
their
25%
them
25%
them
25%
them
25%
them
25%
them
25%
themselves,
25%
2:5 Then
25%
therefore,
25%
to
25%
to
25%
today
25%
trembling.
25%
us
25%
us.”
25%
vessel.”
25%
warned,
25%
way,
25%
who
25%
who
25%
will
25%
will
25%
will
25%
wise;
25%
with
25%
with
25%
with
25%
wrath,
25%
wrath
25%
“You
25%
you.
25%
2:9 You
25%
you
25%
your
25%
your
25%
Zion,
25%
No matching quizzes found
Score Distribution
Percent of People with Each Score
Percentile by Number Answered
Your Score History
You have not taken this quiz